Rodoslovnai︠a︡ ; Vodopad ; Zaponʹ ; Izluka ; Tridt︠s︡atʹ let spusti︠a︡ /

Bibliographic Details
Main Author: Goryshin, Gleb
Format: Book
Language:Russian
Published: Leningrad : Lenizdat, 1983.
Series:Povesti leningradskikh pisateleĭ.

MARC

Tag First Indicator Second Indicator Subfields
LEADER 00000cam a2200000Ia 4500
001 in00002000294
005 20151031124735.0
008 840416s1983 ru c 000 1 rusod
035 |a (OCoLC)ocm10630571 
040 |a CLE  |c CLE  |d PIT  |d TXA  |d UtOrBLW 
049 |a TXAM 
090 |a PG3481.2.R9  |b R6 1983 
100 1 |a Goryshin, Gleb. 
245 1 0 |a Rodoslovnai︠a︡ ; Vodopad ; Zaponʹ ; Izluka ; Tridt︠s︡atʹ let spusti︠a︡ /  |c Gleb Goryshin. 
264 1 |a Leningrad :  |b Lenizdat,  |c 1983. 
300 |a 396 pages :  |b portrait ;  |c 18 cm. 
336 |a text  |b txt  |2 rdacontent 
337 |a unmediated  |b n  |2 rdamedia 
338 |a volume  |b nc  |2 rdacarrier 
490 1 |a Povesti leningradskikh pisateleĭ 
830 0 |a Povesti leningradskikh pisateleĭ. 
948 |a cataloged  |b h  |c 2004/10/22  |d c  |e spoltoratski  |f 12:20:47 pm 
994 |a E0  |b TXA 
999 |a MARS 
999 f f |s a11aec10-bdfa-3fba-abce-42b554b160f3  |i 7e592691-c0c1-3ec1-8730-0a6cf44f67c0  |t 0 
952 f f |p ric  |a Texas A&M University  |b Rellis Campus  |c Joint Library Facility  |d Remote Storage  |t 0  |e PG3481.2.R9 R6 1983  |h Library of Congress classification  |i unmediated -- volume  |m A14831378019 
998 f f |a PG3481.2.R9 R6 1983  |t 0  |l Remote Storage